| 000 | 01243cab a22002175a 4500 | ||
|---|---|---|---|
| 001 | L154056 | ||
| 008 | 111010e20111007xxk 000 0 eng d | ||
| 035 | _a(Sirsi) u154056 | ||
| 041 | 0 | _aeng | |
| 100 | 1 | _aSandher, Hardeep | |
| 245 | 0 | 0 | _aYorkshire and Lincolnshire |
| 260 | _c2011 | ||
| 490 | 0 |
_aProperty Week _v77(40) 7 October 2011, 41-48(5) |
|
| 520 | _aBroad Street Plaza and Woolshops' schemes in Halifax will come to market in October. Drivers Jonas Deloitte's "Leeds Crane Survey" reports more activity but offers little help for the region's development market. Leeds occupiers hope to gain second rates cut from the new rating assessments in force in April 2010 and running for the next five years. The £140m mixed-use Merchant Gate development in Wakefield, the first speculative building for some years, has been let within 12 months of completion. Oakgate submits planning application for new stadium for York City FC. Chinese cultural theme park proposed for Rotherham. | ||
| 590 | _aKA | ||
| 651 | 4 |
_aYorkshire _y1888- |
|
| 651 | 4 | _aLincolnshire | |
| 690 | _aPROPERTY-COMMERCIAL PROPERTY-COMMERCIAL PROPERTY MARKET | ||
| 690 | _aPROPERTY-COMMERCIAL PROPERTY-COMMERCIAL PROPERTY FINANCE AND INVESTMENT | ||
| 942 | _n0 | ||
| 999 |
_c83470 _d83470 |
||